000 00770nam a2200301Ia 4500
001 6448
005 20240113233918.0
007 ta
008 050627s1967 a g b000 u eng u
040 _aCotton College,Assam
041 _aeng
082 _a530
_bSh 94 B
100 _aShutt, R.P. .
245 0 _aBubble and Spark Chambers: Principles and Use Vol. 2 /
_cR.P. Shutt.
_hTextual Documents
250 _a1st ed. /
260 _aNew York :
_bAcademic Press ,
_c1967.
300 _ax, 319p. :
_bill. ;
_c23cm .
504 _aIndex
653 _aPhysics
653 _aNuclear Physics
653 _aAtomic Physics
653 _aPG-Physics
942 _2ddc
_cBK
999 _c6435
_d6435